The journal of computer science and its applications: an international journal of the nigeria computer society (Record no. 44050)

MARC details
000 -LEADER
fixed length control field 00481nam a2200169Ia 4500
022 ## - INTERNATIONAL STANDARD SERIAL NUMBER
ISSN 20065523
050 ## - CALL MARK
Classification number QA 76.9 .C66/
245 #4 - TITLE STATEMENT
Title The journal of computer science and its applications: an international journal of the nigeria computer society
250 ## - EDITION / VOLUME STATEMENT
Edition / Volume statement Vol. 30 No. 2,
260 ## - PUBLICATION, DISTRIBUTION, ETC. (IMPRINT)
Place of publication Lagos
260 ## - PUBLICATION, DISTRIBUTION, ETC. (IMPRINT)
Name of publisher NCS
260 ## - PUBLICATION, DISTRIBUTION, ETC. (IMPRINT)
Year of publication 2023
300 ## - PHYSICAL DESCRIPTION
Number of Pages 114 p. , : ill. ; 30 cm.
650 ## - SUBJECT ADDED ENTRY--TOPICAL TERM
Topical Term Computer applications--Periodicals.
942 ## - ADDED ENTRY ELEMENTS (KOHA)
Koha item type Serials
Source of classification Library of Congress Classification
Holdings
Withdrawn status Lost status Source of classification or shelving scheme Damaged status Not for loan Permanent Location Current Location Date acquired Accession Number Price effective from Koha item type
    Library of Congress Classification     NILE UNIVERSITY OF NIGERIA - MAIN LIBRARY NILE UNIVERSITY OF NIGERIA - MAIN LIBRARY 01/23/2026 44050 01/23/2026 Serials